| 000 | 00519nam a22001697a 4500 | ||
|---|---|---|---|
| 999 |
_c8421 _d8421 |
||
| 008 | 201124b ||||| |||| 00| 0 eng d | ||
| 040 | _aBMS College of Architecture | ||
| 100 | _aAli, Abrar | ||
| 245 | _aKarwan- e - Umeed university for a change Srinagar | ||
| 300 | _a32p. | ||
| 500 | _a1BM14AT003 | ||
| 502 |
_8B,Arch _NBMS College of Architecture, Visvesvaraya Technological University _aB,Arch _d2018 |
||
| 650 | _aUniversity | ||
| 700 |
_aNeetha S N _eGuide |
||
| 700 |
_aPraveeb Alva _eGuide |
||
| 942 |
_2ddc _cTHE |
||